| 000 | 01048nam a2200229 i 4500 | ||
|---|---|---|---|
| 001 | 163600 | ||
| 003 | ES-MaACL | ||
| 005 | 20230906212756.0 | ||
| 008 | 050714m18841900fr | |||||||| ||fre d | ||
| 040 |
_aCAM _bspa _cCAM |
||
| 100 | 1 |
_aRivière, Hippolyte-Ferréol. _9131872 |
|
| 245 | 1 | 0 |
_aCode d'instruction criminelle et code pénal _b: annoté des arrèts de la cour de cassation et des circulaires ministérielles ... / _cpar H.F. Rivière; avec le concours de Faustin Hélie, Paul Pont. |
| 260 |
_aParis : _bA. Chevalier-Marescq sucesseur, _c[s.a.] ( _eCorbeil : _fTyp. Crété) |
||
| 300 |
_a159, 11, 47, 10 p. ; _c15 cm. |
||
| 505 | 8 | _aLas 11 p. corresponden al 1er appendice du Code Pénal; las 47 p. al IIe appendice du Code Penal, y las 10 p. al IIIe appendice du Code Pénal | |
| 596 | _aProbablemente impreso entre 1884 y 1900. | ||
| 650 | 4 |
_aDerecho penal- _zFrancia. _9155135 |
|
| 700 | 1 |
_aHélie, Faustin. _962427 |
|
| 700 | 1 |
_aPont, Paul. _9131271 |
|
| 752 |
_aFrancia - _dParís |
||
| 852 |
_aES-MaACL _jG-1604 _z-- Enc. hol. |
||
| 999 |
_c163600 _d163600 |
||